Orchestra Trivia - Statistics

General Stats
  • This quiz has been taken 267 times
  • The average score is 10 of 15
Answer Stats
Hint Answer % Correct
Small flute Piccolo
87%
The conductor holds this Baton
85%
To 'pizzicato' is to do this Pluck strings
79%
The often lonely string instrument. Harp
77%
Instrument that tunes the orchestra Oboe
77%
Brass instrument without valves Trombone
76%
A full sized orchestra will be called this Symphony/Philharmonic
73%
Audiences shout this if they want one more tune Encore
70%
The only woodwind not in a typical orchestra Saxophone
64%
A piece of music with a soloist accompanied by orchestra Concerto
61%
Dramatic act the orchestra can accompany Opera/Musical
59%
"Instrument" that was featured in '1812 Overture' Cannon
56%
Small xylophone. Glockenspiel
53%
Earliest percussion instrument in the orchestra Timpani
53%
Wrote 'Young Person's guide to the Orchestra' Benjamin Britten
33%
No matching quizzes found
Score Distribution
Percent of People with Each Score
Percentile by Number Answered
Your Score History
You have not taken this quiz